000
00201 a2200097 4500
001
9024
100
_a
Burton, S H
245
_a
Comprehension practice
260
_a
_b
Longmans
_c
090
_c
7208
_d
7208
942
_a
NUST-CAE
_c
M
_c
33832
999
_c
244097
_d
244097